Birds of Serranía de los Churumbelos, their conservation and elevational distribution/ (Registro nro. 17504)

Detalles MARC
000 -CABECERA
Campo de control 01254nam a22002777a 4500
005 - FECHA Y HORA DE LA ULTIMA TRANSACCION
Campo de control 20150701092014.0
008 - ELEMENTOS DE LONGITUD FIJA—INFORMACION GENERAL
Campo de control 150701b2007 ck ||||| |||| 00| 0 spa d
040 ## - FUENTE DE CATALOGACIÓN
Agencia catalogadora original CO-BoIAVH
Agencia transcriptora CO-BoIAVH
041 ## - IDIOMA
Código de idioma para texto/pista de sonido o título separado Español
044 ## - PAÍS DE PUBLICACIÓN
País de publicación Colombia
090 ## - CLASIFICACIÓN LOCAL
Colección AR
Consecutivo 01887
100 1# - ASIENTO PRINCIPAL--NOMBRE PERSONAL
Nombre personal Salaman, Paul
245 1# - MENCION DE TITULO
Título Birds of Serranía de los Churumbelos, their conservation and elevational distribution/
Mención de responsabilidad Paul Salaman... [et. al.]
260 3# - PUBLICACION, DISTRIBUCION, ETC. (PIE DE IMPRENTA)
Lugar de publicación, distribución, etc. Bogotá
Nombre del editor, distribuidor, etc. ProAves,
Fecha de publicación, distribución, etc. 2007.
300 ## - DESCRIPCION FISICA
Extensión Año 2007, Nro 3, Agosto, Pag. 29-58.
500 ## - NOTA GENERAL
Nota general Incluye inventario de aves de la Serranía de los Churumbelos (Pag. 56-64).
504 ## - NOTA DE BIBLIOGRAFIA, ETC.
Nota de bibliografía Incluye referencias bibliográficas (Pag. 44-45).
520 ## - NOTA DE RESUMEN, ETC.
Nota de resumen Un total de 462 especies de aves fueron registradas en la Serranía de los Churumbelos empleando observaciones, grabación de vocalizaciones y captura con redes de niebla.
650 #4 - ASIENTO SECUNDARIO DE MATERIA - TERMINO TEMATICO
Término temático o nombre geográfico como elemento de entrada Aves
Subdivisión general Especies
Subdivisión geográfica Región Andina
-- Colombia
650 #4 - ASIENTO SECUNDARIO DE MATERIA - TERMINO TEMATICO
Término temático o nombre geográfico como elemento de entrada Aves amenazadas
Subdivisión geográfica Cordillera Central de los Andes
-- Colombia
700 1# - ASIENTO SECUNDARIO - NOMBRE PERSONAL
Nombre personal Donegan, Thomas
700 1# - ASIENTO SECUNDARIO - NOMBRE PERSONAL
Nombre personal Davison, Dan
700 1# - ASIENTO SECUNDARIO - NOMBRE PERSONAL
Nombre personal Ochoa Quintero, José Manuel
773 0# - Item fuente:
Lugar, editorial y fecha de publicación Bogotá : Fundación ProAves, 2006-
Otro identificador del ítem - Codigo de Barras 038447
Título Revista Conservación Colombiana
Número Internacional Normalizado para Publicaciones Seriadas - ISSN 19001592
942 ## - ELEMENTOS ADICIONALES (KOHA)
Sistema de clasificación Local
Tipo de ítem Artículo
Existencias
Withdrawn status Lost status Sistema de Clasificación Damaged status No para préstamo Colección Fecha publicación (Año) Número revista Ubicación Permanente Ubicación actual Fecha de adquisición Fuente de Valor Datos de publicación Seriada Total Checkouts Número topográfico Inventario / Código de Barras Date last seen Ejemplar Price effective from Tipo de material
    Local   No para Préstamo Hemeroteca 2007 3 Bogotá Bogotá 01/07/2015 Fundación ProAves Fuera de circulación   AR-01887 AUTO_29269 01/07/2015 Ej. 1 01/07/2015 Artículo